[Event "World Rapid 2015"]
[Site "Berlin GER"]
[Date "2015.10.12"]
[Round "11.72"]
[White "Polzin, Rainer"]
[Black "Rasmussen, Allan Stig"]
[Result "0-1"]
[WhiteElo "2416"]
[BlackElo "2498"]
[PlyCount "76"]
[EventDate "2015.10.10"]
[EventType "rapid"]

1. e4 e5 2. Nf3 Nc6 3. Bb5 a6 4. Ba4 Nge7 5. O-O g6 6. c3 Bg7 7. d4 exd4 8.
cxd4 b5 9. Bc2 O-O 10. h3 d6 11. Nc3 h6 12. d5 Na5 13. Nd4 Bb7 14. Rb1 c6 15.
dxc6 Nexc6 16. Nxc6 Bxc6 17. Bf4 Nc4 18. Bb3 Re8 19. Bxc4 bxc4 20. Re1 Re6 21.
Qd2 g5 22. Bg3 Qa5 23. f3 Rb8 24. Red1 f5 25. exf5 Qxf5 26. Bf2 Be5 27. Nd5
Bxd5 28. Qxd5 c3 29. g4 Qg6 30. Re1 Rxb2 31. Rbc1 Rd2 32. Qc4 d5 33. Qc8+ Re8
34. Qb7 d4 35. Re4 c2 36. Qd5+ Qf7 37. Qc6 Rd1+ 38. Re1 Rxc1 0-1

[Event "World Rapid 2015"]
[Site "Berlin GER"]
[Date "2015.10.12"]
[Round "11.74"]
[White "Gutov, Andrey"]
[Black "Carstensen, Jacob"]
[Result "1/2-1/2"]
[WhiteElo "2384"]
[BlackElo "2352"]
[PlyCount "160"]
[EventDate "2015.10.10"]
[EventType "rapid"]

1. d4 d5 2. c4 c6 3. Nc3 Nf6 4. e3 e6 5. Nf3 Nbd7 6. Bd3 dxc4 7. Bxc4 b5 8. Bd3
Bb7 9. e4 a6 10. e5 Nd5 11. Nxd5 cxd5 12. O-O Be7 13. Ne1 O-O 14. Qg4 Kh8 15.
Qh3 g6 16. Bh6 Rg8 17. Nf3 Nf8 18. Qg4 f5 19. exf6 Bxf6 20. Bg5 Bxg5 21. Nxg5
Qf6 22. Rae1 h5 23. Qg3 Qxd4 24. Nxe6 Qf6 25. Qe3 Nh7 26. Nc5 Bc6 27. Qg3 Ng5
28. b4 a5 29. h4 Ne4 30. Nxe4 dxe4 31. Bxe4 Bxe4 32. Rxe4 axb4 33. Rxb4 Rxa2
34. Rxb5 Rf8 35. Qe3 Kh7 36. g3 Rf7 37. Rb8 Ra1 38. Rxa1 Qxa1+ 39. Kg2 Qa7 40.
Qxa7 Rxa7 41. Rb6 Kg7 42. Rc6 Rb7 43. Rd6 Ra7 44. Re6 Rb7 45. Kf3 Rb2 46. Re2
Rb4 47. Ke3 Kf6 48. Rd2 Ra4 49. Rd4 Ra2 50. Rb4 Kf5 51. Rb5+ Kf6 52. Rc5 Ra4
53. Rd5 Rb4 54. Rd4 Rb2 55. f3 Rb6 56. Kf4 Rb1 57. Ra4 Re1 58. Ra6+ Kg7 59.
Ra7+ Kf6 60. g4 hxg4 61. fxg4 Rf1+ 62. Kg3 Rg1+ 63. Kf3 Rh1 64. g5+ Kf5 65.
Rf7+ Ke5 66. Kg3 Rg1+ 67. Kh3 Rh1+ 68. Kg3 Rg1+ 69. Kh2 Rg4 70. Kh3 Rf4 71. Ra7
Rb4 72. Ra6 Rb3+ 73. Kg4 Rb4+ 74. Kg3 Rb3+ 75. Kf2 Rh3 76. Ra4 Kf5 77. Kg2 Rb3
78. Ra5+ Kg4 79. Ra4+ Kh5 80. Kh2 Rc3 1/2-1/2

[Event "World Rapid 2015"]
[Site "Berlin GER"]
[Date "2015.10.12"]
[Round "11.75"]
[White "Richter, Michael"]
[Black "Choukri, Adel"]
[Result "0-1"]
[WhiteElo "2517"]
[BlackElo "2199"]
[PlyCount "110"]
[EventDate "2015.10.10"]
[EventType "rapid"]

1. d4 Nf6 2. c4 g6 3. Nc3 Bg7 4. e4 d6 5. f3 O-O 6. Be3 b6 7. Bd3 c5 8. e5 Ne8
9. Be4 Nc7 10. dxc5 bxc5 11. Bxa8 Nxa8 12. exd6 exd6 13. Nge2 Nb6 14. b3 Re8
15. Qd2 d5 16. O-O-O d4 17. Ne4 Bf5 18. N2g3 Nc6 19. Bg5 f6 20. Bf4 Bxe4 21.
Nxe4 f5 22. Nxc5 Bf8 23. Nd3 a5 24. Rde1 a4 25. Rxe8 Qxe8 26. Qe1 Qf7 27. Qd2
axb3 28. axb3 Qa7 29. Kb1 Qb7 30. Qc2 Na4 31. Bd2 Nc3+ 32. Bxc3 dxc3 33. Re1
Bg7 34. Qa2 Nd4 35. b4 h6 36. c5+ Kh7 37. Qc4 Qa7 38. Nc1 c2+ 39. Kb2 Nb5+ 40.
Kb3 Nd4+ 41. Kb2 Nb5+ 42. Kb3 Nd4+ 43. Kb2 Nxf3+ 44. Kxc2 Nxe1+ 45. Kb3 Nxg2
46. c6 Ne3 47. Qd3 Qf7+ 48. Ka4 Nd5 49. Nb3 Nc3+ 50. Ka3 f4 51. b5 f3 52. b6 f2
53. c7 Qf8+ 54. Kb2 Nd5+ 55. Nd4 Nxb6 0-1

[Event "World Rapid 2015"]
[Site "Berlin GER"]
[Date "2015.10.12"]
[Round "11.76"]
[White "Petursson, Margeir"]
[Black "Thiede, Lars"]
[Result "1-0"]
[WhiteElo "2520"]
[BlackElo "2437"]
[PlyCount "59"]
[EventDate "2015.10.10"]
[EventType "rapid"]

1. c4 Nf6 2. Nc3 g6 3. e4 d6 4. d4 Bg7 5. Be2 O-O 6. Bg5 c5 7. dxc5 Qa5 8. Bd2
dxc5 9. e5 Nfd7 10. f4 Nc6 11. Nf3 f6 12. exf6 Nxf6 13. O-O Qc7 14. Nd5 Qd6 15.
Bc3 Rd8 16. Be5 Qd7 17. Qc2 Nxe5 18. Nxe5 Qd6 19. Rad1 Bf5 20. Bd3 Be6 21.
Nxf6+ exf6 22. Bxg6 fxe5 23. Rxd6 Rxd6 24. Bxh7+ Kh8 25. Qg6 exf4 26. Qh5 Bg4
27. Qxg4 Kxh7 28. Qxf4 Rg6 29. Qe4 Rd8 30. Qh4+ 1-0

[Event "World Rapid 2015"]
[Site "Berlin GER"]
[Date "2015.10.12"]
[Round "11.77"]
[White "Zepeda, Lorena"]
[Black "Cordeiro, Marco Aurelio Zaror"]
[Result "0-1"]
[WhiteElo "2106"]
[BlackElo "2228"]
[PlyCount "73"]
[EventDate "2015.10.10"]
[EventType "rapid"]

1. e4 Nf6 2. e5 Nd5 3. d4 d6 4. Nf3 Bg4 5. c4 Nb6 6. Be2 Nc6 7. exd6 cxd6 8. d5
Bxf3 9. Bxf3 Ne5 10. Nd2 Nd3+ 11. Kf1 g6 12. Ne4 Nxc1 13. Rxc1 Bg7 14. b3 O-O
15. g3 Nd7 16. Kg2 Qa5 17. a4 a6 18. Be2 Bh6 19. Rb1 Qb4 20. f4 f5 21. Nf2 Bg7
22. h4 Nf6 23. Bd3 Rfe8 24. Re1 Nd7 25. Bf1 Qc3 26. Qe2 Nc5 27. Rec1 Qf6 28.
Qc2 a5 29. Re1 e5 30. dxe6 Rxe6 31. Rxe6 Qxe6 32. Qe2 Re8 33. Qxe6+ Rxe6 34.
Nd3 Ne4 35. Re1 Kf7 36. Re2 Bc3 37. Nc1 0-1

[Event "World Rapid 2015"]
[Site "Berlin GER"]
[Date "2015.10.12"]
[Round "11.78"]
[White "Lagunow, Raphael"]
[Black "Osmanodja, Filiz"]
[Result "0-1"]
[WhiteElo "2164"]
[BlackElo "2291"]
[PlyCount "118"]
[EventDate "2015.10.10"]
[EventType "rapid"]

1. e4 d6 2. d4 Nf6 3. Nc3 Nbd7 4. Nf3 e5 5. Bc4 Be7 6. O-O O-O 7. h3 c6 8. a4
b6 9. Be3 Bb7 10. Ba2 exd4 11. Nxd4 Nc5 12. Nf5 Re8 13. f3 Bf8 14. Bf4 d5 15.
exd5 Nxd5 16. Nxd5 cxd5 17. c3 Qf6 18. Bb1 Ba6 19. Rf2 g6 20. Qd4 Re1+ 21. Kh2
Qxd4 22. Nxd4 Bd3 23. Bxd3 Rxa1 24. Bb5 Rd8 25. Bg5 Rc8 26. Re2 Bd6+ 27. g3 Kg7
28. Be7 Bxe7 29. Rxe7 a6 30. Bc6 Ra2 31. Bxd5 Rxb2+ 32. Kg1 Rf8 33. g4 Kf6 34.
Rc7 Nxa4 35. f4 Nc5 36. g5+ Kg7 37. h4 h5 38. f5 Rb1+ 39. Kh2 a5 40. f6+ Kg8
41. Nf5 Rb2+ 42. Kg3 gxf5 43. g6 Ne4+ 44. Kf4 Nxf6 45. Bxf7+ Kh8 46. Kxf5 Rf2+
47. Kg5 Ng8 48. Be6 Rg2+ 49. Kxh5 Nf6+ 50. Kh6 Re8 51. Bc4 Ng4+ 52. Kh5 Nf6+
53. Kh6 Ng4+ 54. Kg5 Ne5+ 55. Kh6 Rxg6+ 56. Kh5 Rd6 57. Bb3 b5 58. Bc2 a4 59.
Rc5 Rb6 0-1

[Event "World Rapid 2015"]
[Site "Berlin GER"]
[Date "2015.10.12"]
[Round "11.79"]
[White "Hilverda, Alexander"]
[Black "Camacho Collados, Jose"]
[Result "0-1"]
[WhiteElo "2384"]
[BlackElo "2383"]
[PlyCount "44"]
[EventDate "2015.10.10"]
[EventType "rapid"]

1. d4 Nf6 2. c4 b6 3. Nc3 e6 4. Qc2 Bb4 5. a3 Bxc3+ 6. Qxc3 Bb7 7. Bg5 h6 8.
Bxf6 Qxf6 9. Nf3 O-O 10. g3 Bxf3 11. Qxf3 Qxd4 12. Qxa8 Qxb2 13. Rd1 Qc3+ 14.
Rd2 Nc6 15. Qb7 Nd4 16. Bh3 Qc1+ 17. Rd1 Nc2+ 18. Kf1 Qxd1+ 19. Kg2 Qxe2 20.
Rc1 Qd2 21. Rb1 Nxa3 22. Rb3 Nxc4 0-1

[Event "World Rapid 2015"]
[Site "Berlin GER"]
[Date "2015.10.12"]
[Round "12.21"]
[White "Vidit, Santosh Gujrathi"]
[Black "Almasi, Zoltan"]
[Result "1-0"]
[WhiteElo "2651"]
[BlackElo "2689"]
[PlyCount "63"]
[EventDate "2015.10.10"]
[EventType "rapid"]

1. d4 Nf6 2. c4 e6 3. Nf3 b6 4. e3 Bb7 5. Nc3 Be7 6. Bd3 d5 7. cxd5 exd5 8. O-O
O-O 9. b3 Re8 10. Bb2 Nbd7 11. Rc1 a6 12. Ne2 Bd6 13. Ng3 g6 14. Qc2 Rc8 15.
Qe2 Ra8 16. Rc2 Qe7 17. Rfc1 Rec8 18. Qe1 Ne4 19. Bf1 Nxg3 20. hxg3 Nf6 21. Ne5
c5 22. Nd3 Ne4 23. dxc5 bxc5 24. Be2 Rc7 25. Nf4 Rd8 26. Bf3 d4 27. exd4 Re8
28. Re2 f5 29. d5 Bxf4 30. gxf4 Bxd5 31. Bxe4 fxe4 32. Qc3 1-0

[Event "World Rapid 2015"]
[Site "Berlin GER"]
[Date "2015.10.12"]
[Round "12.23"]
[White "Onischuk, Alexander"]
[Black "Perunovic, Milos"]
[Result "0-1"]
[WhiteElo "2662"]
[BlackElo "2622"]
[PlyCount "81"]
[EventDate "2015.10.10"]
[EventType "rapid"]

1. d4 Nf6 2. c4 c5 3. d5 b5 4. cxb5 a6 5. bxa6 g6 6. Nc3 Bg7 7. e4 O-O 8. Nf3
Qa5 9. Bd3 Nxd5 10. exd5 Bxc3+ 11. Nd2 Bg7 12. O-O Nxa6 13. Nc4 Qd8 14. d6 e6
15. Be4 Rb8 16. a3 Qh4 17. Qe2 Bb7 18. Bxb7 Rxb7 19. g3 Qd8 20. Be3 Qa8 21.
Rac1 Rfb8 22. Rc2 Rb3 23. Rfc1 h5 24. Bd2 h4 25. Bc3 h3 26. f3 Bd4+ 27. Kf1 Qd5
28. Nd2 Qxd6 29. Nxb3 Rxb3 30. Rd2 e5 31. Re1 Nc7 32. Bxd4 exd4 33. Rd3 Rb8 34.
b3 Qc6 35. Kf2 Ne6 36. Qe5 d6 37. Qf6 c4 38. Rdd1 cxb3 39. Rxe6 Qc2+ 40. Ke1 b2
41. Rd2 0-1

[Event "World Rapid 2015"]
[Site "Berlin GER"]
[Date "2015.10.12"]
[Round "12.26"]
[White "Ponkratov, Pavel"]
[Black "Ragger, Markus"]
[Result "1-0"]
[WhiteElo "2604"]
[BlackElo "2698"]
[PlyCount "89"]
[EventDate "2015.10.10"]
[EventType "rapid"]

1. c4 c6 2. Nf3 Nf6 3. Nc3 d5 4. e3 g6 5. d4 Bg7 6. Be2 O-O 7. O-O e6 8. Qc2
Nbd7 9. b4 dxc4 10. Bxc4 Nd5 11. Rb1 Qe7 12. Ba3 b5 13. Be2 Bb7 14. Rb3 Rfe8
15. Rd1 a6 16. Ne4 Rad8 17. g3 N5b6 18. Bb2 Nd5 19. a3 a5 20. bxa5 Ra8 21. Qd2
Bf8 22. Ne5 Red8 23. Nxd7 Qxd7 24. Nc5 Qc7 25. e4 Nf6 26. Qc2 Bc8 27. d5 e5 28.
Nd3 Nxe4 29. Nxe5 Nc5 30. Nxc6 Re8 31. Rxb5 Ne4 32. Bd3 Ba6 33. a4 Bxb5 34.
axb5 Nc5 35. b6 Qd6 36. Qc3 f6 37. Qxf6 Qxf6 38. Bxf6 Bd6 39. Bd4 Nxd3 40. Rxd3
Re1+ 41. Kg2 Rb1 42. Re3 Rb5 43. Be5 Bf8 44. d6 Re8 45. d7 1-0

[Event "World Rapid 2015"]
[Site "Berlin GER"]
[Date "2015.10.12"]
[Round "12.27"]
[White "Dreev, Aleksey"]
[Black "Agdestein, Simen"]
[Result "1-0"]
[WhiteElo "2644"]
[BlackElo "2606"]
[PlyCount "168"]
[EventDate "2015.10.10"]
[EventType "rapid"]

1. d4 e6 2. c4 f5 3. Nc3 Nf6 4. e3 d5 5. Bd3 Bd6 6. Nge2 O-O 7. f3 Kh8 8. O-O
dxc4 9. Bxc4 e5 10. Nb5 Nc6 11. dxe5 Bxe5 12. f4 Bd6 13. Nxd6 cxd6 14. Ng3 d5
15. Bd3 Ne4 16. Bd2 Qb6 17. Bxe4 dxe4 18. Qe1 Be6 19. Bc3 Rf7 20. Nh5 Rg8 21.
Qg3 Bc4 22. Rf2 Bd3 23. Rc1 Qd8 24. h3 Qd6 25. Qh4 Ne7 26. g4 h6 27. g5 Ng6 28.
Qg3 Kh7 29. Rg2 Qa6 30. Re1 Qxa2 31. Kh2 Qa6 32. Bd4 Qe6 33. Reg1 Qa6 34. Qf2
Qe6 35. h4 a5 36. Kh3 a4 37. Qd2 Qa6 38. Qd1 b5 39. Nxg7 Rgxg7 40. Qh5 Nf8 41.
Bxg7 Rxg7 42. Qe8 Qd6 43. gxh6 Rxg2 44. Qf7+ Kxh6 45. Rxg2 Ng6 46. Kh2 Bf1 47.
Rf2 Bc4 48. Qxf5 Qe7 49. Kg1 b4 50. Rg2 Bf7 51. Rg5 a3 52. bxa3 bxa3 53. Qa5
Nxh4 54. Kf2 a2 55. Qc3 Bg6 56. Rg1 Bh5 57. Rh1 Ng6 58. Qa5 Nh4 59. Qxa2 Bf3
60. Rh3 Qf6 61. Qb1 Kh5 62. Qb8 Bg4 63. Rh2 Be6 64. Qb5+ Kg6 65. Rh1 Nf3 66.
Qb8 Bf7 67. Qf8 Kf5 68. Rh7 Bg6 69. Qc8+ Qe6 70. Qxe6+ Kxe6 71. Rh8 Kf5 72. Kg3
Bf7 73. Rf8 Kf6 74. f5 Ke7 75. Rb8 Bd5 76. Kf4 Kf6 77. Rb6+ Ke7 78. f6+ Kf7 79.
Kf5 Ba8 80. Ra6 Bd5 81. Ra7+ Kf8 82. Rd7 Bc6 83. Rd6 Be8 84. Kxe4 Ng5+ 1-0

[Event "World Rapid 2015"]
[Site "Berlin GER"]
[Date "2015.10.12"]
[Round "12.28"]
[White "Belov, Vladimir"]
[Black "Matlakov, Maxim"]
[Result "0-1"]
[WhiteElo "2614"]
[BlackElo "2689"]
[PlyCount "98"]
[EventDate "2015.10.10"]
[EventType "rapid"]

1. e4 c5 2. Nf3 e6 3. d4 cxd4 4. Nxd4 Nc6 5. Nc3 Qc7 6. g3 a6 7. Bg2 Nf6 8. O-O
h5 9. Nf3 d6 10. a4 Be7 11. b3 O-O 12. Bb2 b6 13. Ng5 Bb7 14. f4 b5 15. Qd3 Ng4
16. Kh1 Bxg5 17. fxg5 Nce5 18. Qe2 b4 19. Na2 a5 20. c4 bxc3 21. Nxc3 Ba6 22.
Nb5 Qb6 23. Rae1 Ng6 24. e5 N4xe5 25. Qxh5 Bb7 26. Qe2 Bxg2+ 27. Kxg2 Rac8 28.
Bd4 Qb7+ 29. Qe4 Rc2+ 30. Rf2 Rxf2+ 31. Bxf2 d5 32. Qd4 f6 33. gxf6 gxf6 34.
Rc1 Qh7 35. Qb6 Kh8 36. Qxe6 Nd3 37. Qe3 Nxc1 38. Qxc1 Rg8 39. Kf1 Qxh2 40. Qc6
Qh1+ 41. Ke2 Qe4+ 42. Kd2 Qf5 43. Bd4 Ne5 44. Bxe5 Qxe5 45. Nd6 Qd4+ 46. Kc2
Qf2+ 47. Kb1 Qxg3 48. Nf7+ Kg7 49. Qb7 Qg6+ 0-1

[Event "World Rapid 2015"]
[Site "Berlin GER"]
[Date "2015.10.12"]
[Round "12.29"]
[White "Moiseenko, Alexander"]
[Black "Bindrich, Falko"]
[Result "1-0"]
[WhiteElo "2692"]
[BlackElo "2594"]
[PlyCount "97"]
[EventDate "2015.10.10"]
[EventType "rapid"]

1. d4 Nf6 2. c4 e6 3. Nf3 d5 4. Nc3 Be7 5. Bg5 h6 6. Bh4 O-O 7. e3 Ne4 8. Bxe7
Qxe7 9. Rc1 c6 10. Bd3 Nxc3 11. Rxc3 dxc4 12. Bxc4 b6 13. O-O Nd7 14. Bd3 c5
15. Qc2 Bb7 16. Bh7+ Kh8 17. Be4 Bxe4 18. Qxe4 Nf6 19. Qe5 Nd7 20. Qc7 Qd8 21.
Qd6 Nf6 22. dxc5 Ne4 23. Qxd8 Rfxd8 24. Rc4 Nxc5 25. g3 Nd3 26. Rc7 Kg8 27. b3
Nb4 28. a3 Na6 29. Rc3 Rac8 30. Rfc1 Rd1+ 31. Rxd1 Rxc3 32. Rd8+ Kh7 33. Rd7
Rxb3 34. Rxf7 Rxa3 35. Rxa7 b5 36. Nd4 b4 37. Nxe6 Ra4 38. Rxg7+ Kh8 39. Rb7
Ra3 40. Nd4 Ra4 41. Nc6 Ra3 42. Nb8 Nc5 43. Rxb4 Nd3 44. Rd4 Ne1 45. Rd1 Nf3+
46. Kg2 Ng5 47. h4 Ne4 48. Rd4 Nf6 49. Nd7 1-0

[Event "World Rapid 2015"]
[Site "Berlin GER"]
[Date "2015.10.12"]
[Round "12.30"]
[White "Romanov, Evgeny"]
[Black "Akopian, Vladimir"]
[Result "1-0"]
[WhiteElo "2573"]
[BlackElo "2648"]
[PlyCount "178"]
[EventDate "2015.10.10"]
[EventType "rapid"]

1. d4 Nf6 2. c4 e6 3. Nf3 c5 4. d5 exd5 5. cxd5 d6 6. Nc3 g6 7. Bf4 a6 8. a4
Bg7 9. h3 O-O 10. e3 Qe7 11. Nd2 Nbd7 12. Nc4 Ne8 13. Be2 Ne5 14. Bxe5 Bxe5 15.
Nxe5 Qxe5 16. O-O Rb8 17. a5 b5 18. axb6 Rxb6 19. Ra2 Nf6 20. Bc4 Re8 21. Qe2
Qg5 22. f4 Qh4 23. e4 Bf5 24. Bd3 Rb4 25. Qf2 Qxf2+ 26. Rxf2 Bxe4 27. Bxe4 Nxe4
28. Nxe4 Rbxe4 29. Rxa6 Rd8 30. f5 Rd4 31. fxg6 hxg6 32. Ra7 Rf8 33. Rd7 Rxd5
34. Rf6 Rd2 35. Rfxd6 Rxb2 36. Rc6 Ra8 37. Rxc5 Raa2 38. Rg5 Kg7 39. Rg4 Rf2
40. Rd6 Kh6 41. Rh4+ Kg7 42. Rg4 Rfc2 43. Rd7 Rc1+ 44. Kh2 Rf1 45. Rd6 Raa1 46.
Rd2 f5 47. Rgd4 f4 48. g4 Kh6 49. h4 Rh1+ 50. Kg2 Rag1+ 51. Kf3 Rh3+ 52. Kxf4
Rf1+ 53. Ke5 Rxh4 54. Rf4 Ra1 55. Ke4 Ra4+ 56. Kf3 Ra3+ 57. Kg2 Kg5 58. Rb4
Rhh3 59. Rb5+ Kh4 60. Rb4 Rag3+ 61. Kf1 Rh1+ 62. Ke2 g5 63. Rd8 Rg2+ 64. Kf3
Rg3+ 65. Ke2 Rh2+ 66. Kf1 Rf3+ 67. Kg1 Kg3 68. Rd1 Kh3 69. Rb8 Rg3+ 70. Kf1
Rh1+ 71. Ke2 Rg2+ 72. Kf3 Rg3+ 73. Ke2 Rxd1 74. Kxd1 Rxg4 75. Ke2 Rg2+ 76. Kf1
g4 77. Rh8+ Kg3 78. Ra8 Rb2 79. Rg8 Rb1+ 80. Ke2 Rg1 81. Rh8 Kg2 82. Rg8 g3 83.
Rh8 Rb1 84. Rg8 Rb7 85. Re8 Rf7 86. Ke3 Kg1 87. Rg8 g2 88. Ke2 Re7+ 89. Kf3 Kf1
1-0

[Event "World Rapid 2015"]
[Site "Berlin GER"]
[Date "2015.10.12"]
[Round "12.31"]
[White "Kravtsiv, Martyn"]
[Black "Bruzon Batista, Lazaro"]
[Result "1/2-1/2"]
[WhiteElo "2621"]
[BlackElo "2659"]
[PlyCount "120"]
[EventDate "2015.10.10"]
[EventType "rapid"]

1. e4 c5 2. Nf3 e6 3. d4 cxd4 4. Nxd4 a6 5. Be2 Nf6 6. Nc3 d6 7. O-O Nc6 8. Be3
Be7 9. f4 O-O 10. Qe1 Nxd4 11. Bxd4 b5 12. a3 Bb7 13. Qg3 g6 14. Bd3 a5 15.
Rae1 b4 16. Nb5 bxa3 17. bxa3 Bc6 18. c4 Nd7 19. Qh3 e5 20. Be3 exf4 21. Bxf4
Ne5 22. Kh1 Bd7 23. Qe3 Rc8 24. Be2 Be6 25. Rd1 Nxc4 26. Qa7 Qd7 27. Qxd7 Bxd7
28. Nxd6 Nxd6 29. Bxd6 Bxd6 30. Rxd6 Be6 31. Ra6 Rc2 32. Bb5 Rd8 33. Rxa5 Rdd2
34. Ba4 Ra2 35. Rg5 Rxa3 36. Bc6 h6 37. Rg3 Rxg3 38. hxg3 Kf8 39. Ra1 Ke7 40.
Ra7+ Kf6 41. Ra5 h5 42. Kh2 Ke7 43. Ra7+ Kf6 44. Ra5 g5 45. Bd5 Bxd5 46. exd5
Rd3 47. Ra6+ Kf5 48. Rh6 Kg4 49. Rf6 Rxg3 50. Rxf7 Rd3 51. Ra7 Rxd5 52. Ra4+
Kf5 53. g4+ hxg4 54. Kg3 Re5 55. Rb4 Re3+ 56. Kg2 Re4 57. Rb8 Re2+ 58. Kg3 Re3+
59. Kg2 g3 60. Rb4 Rc3 1/2-1/2

[Event "World Rapid 2015"]
[Site "Berlin GER"]
[Date "2015.10.12"]
[Round "12.33"]
[White "Volokitin, Andrei"]
[Black "Bezold, Michael"]
[Result "1-0"]
[WhiteElo "2639"]
[BlackElo "2509"]
[PlyCount "61"]
[EventDate "2015.10.10"]
[EventType "rapid"]

1. e4 d6 2. d4 Nf6 3. Nc3 c6 4. f4 Qa5 5. Bd3 e5 6. Nf3 Nbd7 7. O-O Be7 8. Kh1
O-O 9. Qe1 Qc7 10. fxe5 dxe5 11. Nxe5 Nxe5 12. Qg3 Nh5 13. Qxe5 Qxe5 14. dxe5
g6 15. Bh6 Ng7 16. Bc4 Bd7 17. Ne2 Rae8 18. Rad1 Bc8 19. Nd4 Bc5 20. Nf3 Bg4
21. h3 Bxf3 22. Rxf3 b5 23. Bb3 Rxe5 24. Rdf1 Re7 25. e5 Bd4 26. Bg5 Rxe5 27.
Rxf7 Rxf7 28. Rxf7 Ne6 29. Rd7 Rxg5 30. Bxe6+ Kh8 31. Rxd4 1-0

[Event "World Rapid 2015"]
[Site "Berlin GER"]
[Date "2015.10.12"]
[Round "12.34"]
[White "Khairullin, Ildar"]
[Black "Jumabayev, Rinat"]
[Result "1/2-1/2"]
[WhiteElo "2652"]
[BlackElo "2606"]
[PlyCount "127"]
[EventDate "2015.10.10"]
[EventType "rapid"]

1. d4 Nf6 2. c4 g6 3. Nc3 d5 4. Bg5 Ne4 5. Bh4 Nxc3 6. bxc3 dxc4 7. e3 Be6 8.
Be2 Bg7 9. Nh3 Bxh3 10. gxh3 O-O 11. Bxc4 c5 12. O-O Nc6 13. Rb1 Qc8 14. Qg4
cxd4 15. cxd4 Nxd4 16. Bd5 Qxg4+ 17. hxg4 Ne2+ 18. Kg2 Nc3 19. Bxb7 Nxb1 20.
Bxa8 Nc3 21. Bf3 e6 22. a3 Rb8 23. Rc1 a5 24. Rc2 Be5 25. Rd2 Kg7 26. Rd8 Nb5
27. Rxb8 Bxb8 28. a4 Nc3 29. Bc6 f6 30. f4 Bd6 31. Kf3 e5 32. Be1 Bb4 33. fxe5
fxe5 34. Bh4 Kf7 35. Bd8 Ke6 36. e4 Kd6 37. Be8 Ke6 38. h4 Nd1 39. h5 gxh5 40.
gxh5 Nc3 41. h6 Nb1 42. Bg6 Bd2 43. Bxh7 Bxh6 44. Bxa5 Bd2 45. Bb6 Kd6 46. Bg8
Nc3 47. Bb3 Kc6 48. Bd8 Kd7 49. Bf6 Kd6 50. Bg7 Bf4 51. Bf8+ Kc6 52. Bb4 Bd2
53. Ba3 Bf4 54. Bb2 Bd2 55. Ba3 Bf4 56. Bb2 Bd2 57. Bf7 Kb6 58. Be8 Ka5 59. Bc6
Kb4 60. Bd7 Ka5 61. Be8 Kb4 62. Bc6 Kc5 63. Bd7 Kb4 64. Bxc3+ 1/2-1/2

[Event "World Rapid 2015"]
[Site "Berlin GER"]
[Date "2015.10.12"]
[Round "12.35"]
[White "Zvjaginsev, Vadim"]
[Black "Kunin, Vitaly"]
[Result "1/2-1/2"]
[WhiteElo "2660"]
[BlackElo "2556"]
[PlyCount "145"]
[EventDate "2015.10.10"]
[EventType "rapid"]

1. e4 d6 2. d4 Nf6 3. Nc3 e5 4. Nf3 Nbd7 5. a4 c6 6. Be2 Be7 7. O-O O-O 8. Re1
Qc7 9. Bf1 Re8 10. h3 Nf8 11. a5 Ng6 12. Be3 Bd7 13. Bc4 h6 14. d5 c5 15. Bf1
Rf8 16. Qb1 Rac8 17. Ra3 Nh5 18. b4 b6 19. Nb5 Qb8 20. axb6 axb6 21. bxc5 bxc5
22. Na7 Rc7 23. Qxb8 Rxb8 24. Rea1 Nhf4 25. Ra6 Bf8 26. Nc6 Rb2 27. Ra7 Rcb7
28. Bc1 R2b6 29. Nd2 Bxc6 30. dxc6 Rxa7 31. Rxa7 Rxc6 32. Bc4 Ne6 33. g3 Rc7
34. Ra8 Kh7 35. h4 Be7 36. Kg2 Ngf8 37. Nf1 Nd7 38. Ra6 Nf6 39. Ne3 g6 40. Nd5
Nxd5 41. Bxd5 Kg7 42. Bd2 Rd7 43. Ba5 Bd8 44. Bc6 Re7 45. Bxd8 Nxd8 46. Bb5 Rb7
47. Bc4 Rd7 48. Bb5 Rb7 49. c4 Ne6 50. Rxd6 Nd4 51. Rd5 Nxb5 52. cxb5 Rxb5 53.
Rxe5 Kf6 54. Rd5 h5 55. Kf3 Rb3+ 56. Kf4 c4 57. Rc5 Rc3 58. f3 Rc1 59. e5+ Ke6
60. Ke4 c3 61. Rc6+ Kd7 62. Rc4 c2 63. Kf4 Ke6 64. Rc5 Ke7 65. Rc6 Kf8 66. Rc7
Kg8 67. Kg5 Rg1 68. Rxc2 Rxg3+ 69. Kh6 Kf8 70. Rc7 Rxf3 71. e6 fxe6 72. Kxg6
Rf5 73. Rh7 1/2-1/2

[Event "World Rapid 2015"]
[Site "Berlin GER"]
[Date "2015.10.12"]
[Round "12.40"]
[White "Borisek, Jure"]
[Black "Meier, Georg"]
[Result "0-1"]
[WhiteElo "2565"]
[BlackElo "2654"]
[PlyCount "122"]
[EventDate "2015.10.10"]
[EventType "rapid"]

1. Nf3 d5 2. g3 Bg4 3. Bg2 e6 4. O-O Nf6 5. d3 Be7 6. h3 Bh5 7. Qe1 c5 8. e4
Nc6 9. Nbd2 O-O 10. c3 Rc8 11. g4 Bg6 12. Nh4 Ne5 13. Nxg6 hxg6 14. Qe2 dxe4
15. dxe4 Qd3 16. Qxd3 Nxd3 17. e5 Nd5 18. Bxd5 exd5 19. Nf3 Rfe8 20. Rd1 c4 21.
Be3 Bc5 22. Bxc5 Rxc5 23. b4 Rc7 24. Rd2 Kf8 25. Kh2 Nxe5 26. Nxe5 Rxe5 27.
Rad1 Rd7 28. a4 Ke7 29. Kg3 g5 30. h4 gxh4+ 31. Kxh4 Ke6 32. Kg3 Re4 33. Rh1 d4
34. f3 Re3 35. cxd4 c3 36. Kf4 Rxf3+ 37. Kxf3 cxd2 38. Ke3 Kd5 39. Kd3 Re7 40.
Rh5+ Kd6 41. Kxd2 Re4 42. Kd3 Rxg4 43. Rb5 b6 44. a5 Kc7 45. Re5 Kd7 46. a6 f6
47. Rh5 Kc7 48. b5 Rg5 49. Rh7 Kd6 50. Kc4 Rg1 51. Rh8 Rc1+ 52. Kd3 Rc7 53. Ke4
Re7+ 54. Kf5 Kd5 55. Rb8 Kxd4 56. Rb7 Re5+ 57. Kg6 Rg5+ 58. Kf7 Kc5 59. Rxa7
Kxb5 60. Ra8 f5 61. a7 Ka6 0-1

[Event "World Rapid 2015"]
[Site "Berlin GER"]
[Date "2015.10.12"]
[Round "12.41"]
[White "Olafsson, Helgi"]
[Black "Vallejo Pons, Francisco"]
[Result "0-1"]
[WhiteElo "2549"]
[BlackElo "2684"]
[PlyCount "84"]
[EventDate "2015.10.10"]
[EventType "rapid"]

1. d4 f5 2. g3 Nf6 3. Bg2 g6 4. Nf3 Bg7 5. b3 b6 6. Bb2 Bb7 7. c4 O-O 8. O-O e6
9. Nc3 Qe7 10. Qc2 a5 11. Rad1 d6 12. Rfe1 Na6 13. a3 Rad8 14. d5 e5 15. Nb5 h6
16. Na7 Qe8 17. Nd2 Ra8 18. Nb5 Bc8 19. Bc3 Bd7 20. a4 g5 21. e3 Qh5 22. f3
Rae8 23. Na7 Qg6 24. Nc6 h5 25. Nf1 Bxc6 26. dxc6 Nb8 27. f4 e4 28. Bxf6 Bxf6
29. Qd2 Kg7 30. Qd5 Na6 31. Bh3 g4 32. Bg2 h4 33. Nd2 Bc3 34. Re2 Bb4 35. gxh4
Bc5 36. Nf1 Nb4 37. Qd2 Rh8 38. Qc3+ Qf6 39. Qxf6+ Kxf6 40. Ng3 Rxh4 41. Rd5
Nxd5 42. cxd5 Rb8 0-1

[Event "World Rapid 2015"]
[Site "Berlin GER"]
[Date "2015.10.12"]
[Round "12.42"]
[White "Navara, David"]
[Black "Dlugy, Maxim"]
[Result "1-0"]
[WhiteElo "2734"]
[BlackElo "2518"]
[PlyCount "113"]
[EventDate "2015.10.10"]
[EventType "rapid"]

1. e4 c5 2. Nf3 d6 3. d4 cxd4 4. Nxd4 Nf6 5. Nc3 Nc6 6. Bg5 e6 7. Qd2 a6 8.
O-O-O h6 9. Bf4 Bd7 10. Nxc6 Bxc6 11. f3 d5 12. Qe1 Bb4 13. a3 Ba5 14. b4 Bb6
15. exd5 Bxd5 16. Be5 O-O 17. Qh4 Be3+ 18. Kb2 Bg5 19. Qd4 Bc6 20. a4 Qxd4 21.
Bxd4 Rfc8 22. Kb3 Bf4 23. Bc4 Be8 24. g3 Bc7 25. Rhe1 Bd8 26. f4 Kf8 27. Bf1
Be7 28. Rd3 a5 29. b5 Bc5 30. Bxf6 gxf6 31. Bg2 Rc7 32. Ne4 Be7 33. Nd6 Bxd6
34. Rxd6 Rac8 35. Re2 Rc3+ 36. Kb2 R3c4 37. Bxb7 Rb8 38. Re4 Rc5 39. Ba6 Ke7
40. Rd3 Bc6 41. Red4 Bd5 42. Rc3 Kd6 43. Rcd3 Ke7 44. c4 Rxc4 45. Rxc4 Bxc4 46.
Rc3 Bd5 47. Rc7+ Kf8 48. Kc3 e5 49. fxe5 fxe5 50. Rc5 Bf3 51. Rxe5 Bd1 52. Re4
f5 53. Rd4 Bg4 54. Rd6 Ke7 55. Rxh6 Bd1 56. Rh4 Bg4 57. Kd4 1-0

[Event "World Rapid 2015"]
[Site "Berlin GER"]
[Date "2015.10.12"]
[Round "12.43"]
[White "Gajewski, Grzegorz"]
[Black "Hjartarson, Johann"]
[Result "1-0"]
[WhiteElo "2654"]
[BlackElo "2529"]
[PlyCount "102"]
[EventDate "2015.10.10"]
[EventType "rapid"]

1. c4 e5 2. Nc3 Nf6 3. Nf3 Nc6 4. e3 Bb4 5. Qc2 Bxc3 6. bxc3 d6 7. e4 O-O 8.
Be2 b6 9. O-O Ne7 10. d3 Ng6 11. g3 Bh3 12. Re1 h6 13. Kh1 Nh7 14. Ng1 Bd7 15.
Bf3 Qe7 16. Be3 Rae8 17. Qe2 f5 18. exf5 Bxf5 19. Bc6 Rd8 20. f3 Nf6 21. Rad1
Qf7 22. Qg2 Ne7 23. Ba4 Kh8 24. Bb3 c5 25. Bc1 Qg6 26. Bc2 Qh7 27. Ne2 g5 28.
g4 Bg6 29. Ng3 Rf7 30. Rf1 Rdf8 31. Be3 Nc6 32. Bb1 Na5 33. h3 a6 34. Qh2 b5
35. cxb5 axb5 36. d4 Nd5 37. Bxg6 Qxg6 38. Nf5 Nxe3 39. Nxe3 Rxf3 40. Rxf3 Qe4
41. Kg1 Rxf3 42. Nf5 Nc4 43. dxc5 dxc5 44. Qg2 h5 45. Qh2 Kh7 46. Rd7+ Kg6 47.
Rd1 hxg4 48. Ne7+ Kf7 49. Nd5 Ne3 50. hxg4 Qxg4+ 51. Kh1 Rh3 1-0